000 01394cab a2200253 4500
001 ABS47490
008 090401t1992 xxu||||| |||| 00| 0 eng d
035 _a(Sirsi) u62219
041 _aeng
245 _aHaniff v Robinson
260 _c1992
350 _a0
490 _aEstates Gazette
_v1992 45 EG 145-149(3)
520 _aCA 9 June 1992. Raises the question of whether a landlord having obtained an order for possession is entitled to take posession of premises against a statutory tenant without the county court bailiff. Appeal by landlord Haniff (H) against a CC decision allowing tenant Robinson`s (R) counterclaim for damages for unlawful eviction under s27 of the Housing Act 1988 on the grounds that H had evicted R without the bailiff to execute the order for possession. Held that although once an order for possession is made the rights of a statutory tenant are curtailed (as defined by the Rent Act 1977 s2(1)(a), he/she is still entitled to the protection of s3 of the 1977 Act. Appeal dismissed.
650 _aCOUNTY COURT BALIFF
650 _aORDER FOR POSSESSION
650 _aRENT ACT 1977
650 _aPROPERTY-RESIDENTIAL PROPERTY-RESIDENTIAL LANDLORD AND TENANT-RESIDENTIAL TENANCIES
650 _aSTATUTORY TENANT
650 _aUNLAWFUL EVICTION
690 _aLANDLORD AND TENANT-CASE LAW-RESIDENTIAL TENANCIES
942 _n0
948 _c04/03/1997
999 _c38658
_d38658